000
00326nam a2200133Ia 4500
008
240624s9999 xx 000 0 und d
041
_a
eng
082
_a
658 MAH
100
_a
O MAHONEY JOE
245
_a
MANAGEMENT CONSULTANCY
260
_c
2010
_a
New Delhi
_b
Oxford University Press
300
_a
394 : p.
365
_c
RS
_b
32
999
_c
19010
_d
19010